000 00299nam a2200133Ia 4500
100 _aWeatherall alan
942 _cBK
654 _amanufacturing
245 _aComputer integrated manufacturing
260 _bEast-West press
_aNew Delhi
_c1988
300 _a299
546 _aENGLISH
999 _c35466
_d35466